Statistics for Breaking Bad Deep-cut Trivia

Click here to take the quiz!

General Stats

  • This quiz has been taken 427 times
  • The average score is 11 of 15

Answer Stats

HintAnswer% Correct
Gus' last nameFring
96%
Color of the pool teddy bear in season 2Pink
96%
Type of business the White's use to launder moneyCar Detailing
95%
Age of Tomas (the kid who shot and killed Combo)12
94%
The series spinoffBetter Call Saul
94%
Weapon Gus uses to slit Victor's throatBox Cutter
90%
Drug on which Jane overdosesHeroin
90%
Song Skyler sings to Ted BenekeHappy Birthday
87%
Man who kills an onlooking child after the train heistTodd
83%
Pest that drives Walt to the point of not being able to cookHousefly
80%
Hank's hobbyMineral collecting
57%
Actor who portrayed MikeJonathan Banks
52%
Celebrity Saul claimed to have impersonatedKevin Costner
36%
Amount Jesse gets for a pound of meth in seasons 2-340 LARGE YO!
31%
Title of the Walt Whitman book given to Walt by GaleLeaves of Grass
29%

Score Distribution

Percentile by Number Answered

Percent of People with Each Score

Your Score History

You have not taken this quiz